[Event "Orlova op 13th"]
[Site "Orlova"]
[Date "2016.05.26"]
[Round "6"]
[White "Demkova, Ester"]
[Black "Pekarek, Ales"]
[Result "0-1"]
[WhiteElo "1254"]
[BlackElo "1513"]
[PlyCount "108"]
[EventDate "2016.05.21"]
[EventType "swiss"]
[EventRounds "9"]
[EventCountry "CZE"]
[SourceTitle "EXT 2017"]
[Source "ChessBase"]
[SourceDate "2016.10.25"]
[SourceVersion "1"]
[SourceVersionDate "2016.10.25"]
[SourceQuality "1"]

1. e4 e5 2. Nf3 d6 3. Bc4 Be7 4. Nc3 Nc6 5. h3 Nf6 6. d3 0-0 7. Be3 h6 8. 0-0 Nh7 9. Nd5 Kh8 10. Re1 Bg5 11. d4 exd4 12. Nxd4 Ne5 13. Bb3 a6 14. Bf4 Bxf4 15. Nxf4 c5 16. Nf3 c4 17. Nxe5 dxe5 18. Bxc4 exf4 19. Qxd8 Rxd8 20. Bxf7 Ng5 21. Bh5 f3 22. Bxf3 Bxh3 23. Re3 Nxf3+ 24. Rxf3 Be6 25. Re3 Rd2 26. Rc3 Rc8 27. Rxc8+ Bxc8 28. Rc1 g5 29. Kf1 Bg4 30. f3 Be6 31. a3 Kg7 32. b4 Bc4+ 33. Kg1 Kf6 34. c3 Ra2 35. a4 Rxa4 36. g3 Ra3 37. Kf2 a5 38. bxa5 Rxa5 39. g4 Ra2+ 40. Ke3 Re2+ 41. Kd4 b5 42. Rh1 Rd2+ 43. Ke3 Rd3+ 44. Kf2 Rxc3 45. Rb1 Ke5 46. Kg3 Rb3 47. Rh1 Be2 48. Rxh6 Rxf3+ 49. Kg2 Rf6 50. Rh8 Bf3+ 51. Kg3 Bxe4 52. Re8+ Kd4 53. Rd8+ Bd5 54. Rb8 Rh6 0-1

[Event "Orlova op 13th"]
[Site "Orlova"]
[Date "2016.05.24"]
[Round "4"]
[White "Demkova, Ester"]
[Black "Koci, Tomas"]
[Result "0-1"]
[WhiteElo "1254"]
[BlackElo "1675"]
[PlyCount "44"]
[EventDate "2016.05.21"]
[EventType "swiss"]
[EventRounds "9"]
[EventCountry "CZE"]
[SourceTitle "EXT 2017"]
[Source "ChessBase"]
[SourceDate "2016.10.25"]
[SourceVersion "1"]
[SourceVersionDate "2016.10.25"]
[SourceQuality "1"]

1. e4 e5 2. Bc4 Nf6 3. Nc3 Nc6 4. a3 Nxe4 5. Nxe4 d5 6. Bxd5 Qxd5 7. d3 Be7 8. Be3 f5 9. c4 Qf7 10. Nc3 f4 11. Bd2 Bf5 12. Ne4 0-0-0 13. Qc2 Qg6 14. g3 Bxe4 15. dxe4 Nd4 16. Qd3 Nb3 17. Qxb3 Qxe4+ 18. Kd1 Qxh1 19. Kc2 fxg3 20. hxg3 Qe4+ 21. Kd1 Rd3 22. Qc2 Rhd8 0-1

[Event "Orlova op 13th"]
[Site "Orlova"]
[Date "2016.05.23"]
[Round "3"]
[White "Sramek, Vojtech"]
[Black "Demkova, Ester"]
[Result "1-0"]
[WhiteElo "1922"]
[BlackElo "1254"]
[PlyCount "41"]
[EventDate "2016.05.21"]
[EventType "swiss"]
[EventRounds "9"]
[EventCountry "CZE"]
[SourceTitle "EXT 2017"]
[Source "ChessBase"]
[SourceDate "2016.10.25"]
[SourceVersion "1"]
[SourceVersionDate "2016.10.25"]
[SourceQuality "1"]

1. e4 e5 2. Nf3 Nc6 3. Bc4 Nf6 4. d4 exd4 5. 0-0 Be7 6. e5 Ne4 7. Re1 Nc5 8. Nxd4 Nxd4 9. Qxd4 0-0 10. Nc3 d6 11. Nd5 Be6 12. Bf4 Re8 13. Nxe7+ Rxe7 14. Bg5 f6 15. exf6 gxf6 16. Bxf6 Qe8 17. Bxe7 Qxe7 18. Rxe6 Nxe6 19. Re1 Kf8 20. Rxe6 Qg7 21. Qf4+ 1-0

[Event "CZE-chT U18 Extraliga Ost 1516"]
[Site "Czech Republic"]
[Date "2015.11.27"]
[Round "5.5"]
[White "Demkova, Ester"]
[Black "Kubosova, Jana"]
[Result "0-1"]
[WhiteElo "1263"]
[BlackElo "1704"]
[PlyCount "82"]
[EventDate "2015.10.03"]
[EventType "team-tourn"]
[EventRounds "11"]
[EventCountry "CZE"]
[SourceTitle "EXT 2022"]
[Source "ChessBase"]
[SourceDate "2021.10.06"]
[SourceVersion "1"]
[SourceVersionDate "2021.10.06"]
[SourceQuality "1"]
[WhiteTeam "Orlova Slavia U18 II"]
[BlackTeam "Orlova Slavia U18"]
[WhiteTeamCountry "CZE"]
[BlackTeamCountry "CZE"]

1. e4 c5 2. Nf3 e6 3. Nc3 Nc6 4. Bc4 a6 5. d4 cxd4 6. Nxd4 Nf6 7. 0-0 Qc7 8. Re1 Nxd4 9. Qxd4 Bc5 10. Bf4 Qc6 11. Qd2 0-0 12. h3 b5 13. Bb3 Bb7 14. Be3 Bb4 15. f3 d6 16. a3 Bxc3 17. Qxc3 Qxc3 18. bxc3 Rac8 19. Bg5 Rxc3 20. Bxf6 gxf6 21. Re2 Rd8 22. Rd1 Kf8 23. Rdd2 a5 24. Rd3 Rxd3 25. cxd3 Rc8 26. a4 Rc3 27. Bc2 b4 28. d4 b3 29. Bxb3 Rxb3 30. Ra2 Rb4 31. e5 fxe5 32. dxe5 dxe5 33. Kf2 Bd5 34. Ra3 Ke7 35. Ke3 Rb3+ 36. Rxb3 Bxb3 37. Ke4 Kd6 38. g3 Bxa4 39. Ke3 Bc6 40. Kd2 Bxf3 41. Kc1 a4 0-1